000 00644nam a2200241Ia 4500
003 OSt
005 20221005033717.0
006 a|||||r|||| 00| 0
007 ta
008 221004b |||||||| |||| 00| 0 eng d
024 _a59235
037 _cTextual
040 _aCRL
_cCRL
_beng
041 _2eng
_aeng
082 _aY73, M3.2
100 _aLatham R G
_9363092
245 0 _aTribes and races
_b A descriptive ethnology of Asia, Africa and Europe
260 _aDelhi
_bCultural
_c1983
300 _a506p.
_ccm.
650 _aSOCIOLOGY
942 _hY73, M3.2
_cTEXL
_2cc
999 _c941960
_d941960